000 01850cam a22003855i 4500
001 016068546
003 EG-ScBUE
005 20260318102316.0
008 120403t2013 paua f b 001 0 eng d
020 _a9781609139995 (pbk.)
020 _a1609139992 (pbk.)
040 _aEG-ScBUE
_beng
_erda
_cEG-ScBUE
_dEG-ScBUE
082 0 4 _a579
_bCOR
_222
100 1 _aCornelissen, Cynthia Nau,
_940018
_eauthor.
245 1 0 _aMicrobiology /
_cCynthia Nau Cornelissen, Ph.D., Department of Microbiology and Immunology, School of Medicine, Virginia Commonwealth University, Richmond, Virginia, Bruce D. Fisher, M.D., Department of Medicine, Jersey Shore University Medical Center, Neptune, New Jersey, Department of Medicine, University of Medicine and Dentistry of New Jersey-Robert Wood Johnson Medical School, Piscataway, New Jersey, Richard A. Harvey, Ph.D., Department of Biochemistry, University of Medicine and Dentistry of New Jersey-Robert Wood Johnson Medical School, Piscataway, New Jersey.
250 _aThird edition.
250 _aInternational edition.
264 1 _aPhiladelphia, PA :
_bLippincott Williams & Wilkins,
_c[2013]
264 4 _cc2013
300 _ax, 438 pages :
_billustrations ;
_c28 cm.
336 _2rdacontent
_atext
_btxt
337 _aunmediated
_2rdamedia
_bn
338 _avolume
_bnc
_2rdacarrier
490 0 _aLippincott's illustrated reviews
500 _aPrevious ed. : 2007.
500 _aPrevious ed. by Richard A. Harvey, Pamela C. Champe, Bruce D. Fisher.
500 _aIncludes bibliographical references and index.
650 7 _aMedical microbiology.
_2BUEsh
_912324
650 7 _aMicrobiology.
_2BUEsh
_923968
653 _bPPhrm
_cMay2016
655 _vReading book
700 1 _aFisher, Bruce D.,
_cM.D.,
_eauthor.
700 1 _aHarvey, Richard A.,
_cPh. D.,
_930034
_eauthor.
942 _2ddc
_cBB
999 _c21772
_d21744